Quizzes
Events
Quiz Creation
Community
Videos
Private Events
Remove Ads
Sign In
Join for FREE
Feedback
Dark Mode
Quiz Categories
Sports
Geography
Music
Movies
Television
Just For Fun
Miscellaneous
History
Literature
Language
Science
Gaming
Entertainment
Religion
Holiday
For Kids
Quiz Lab
Recent
Popular Today
Quiz Kudos Today
Editor Picks
Curator Picks
Quizzes by...
Day
Popularity
Type
Ratings
Length
Year
Community
Subscriptions
Recent Discussions
Orange Saloon
Badges
Playlists
Quests
Create
Leaderboards
Showdown
Live 5
Trivia Bingo
Activity
Puzzle Library
Sporcle Events
Private Events
Virtual Trivia
Globe League
Become a Host
Pub Owners
SporcleCon
Opinionation
Our Games
Videos
Blog
Mobile Apps
Partnerships
Remove Ads and Go Orange
Feedback
Music
Pop Music
The Beatles
Song
Album
Lyrics
Bands
Singers
Artist
Clip
Rock
Rap
Classical
Billboard
Country Music
Kpop
Taylor Swift
Music
Pop Music
The Beatles
Song
Album
Lyrics
Bands
Singers
Artist
Clip
Rock
Rap
Classical
Billboard
Country Music
Kpop
Taylor Swift
Random Quiz
Search Sporcle
×
Quiz Lab
Quiz Lab
Music
Artist
Type in answers that appear in a list
Type in answers that appear in a list
Classic
Best Score? Go Orange.
MTV Top 100 of 1994 Stats
Can you name the MTV Top 100 of 1994?
By
mvangord
15m
100 Questions
265 Plays
265 Plays
265 Plays
Comments
Comments
Give Quiz Kudos
Give Quiz Kudos
-
- Ratings
hide this ad
Replay
Link that replays current quiz
Next Quiz
Link to next quiz in quiz playlist
You Got
0%
They Got
Avg Score
56%
Avg Friend Score
Upgrade to see
Score Distribution
Jump to the score distribution portion of the page
Score
0/100
Timer
15:00
0
Plays Today
Artist
Video
% Correct
Soundgarden
Black Hole Sun
92.1%
Green Day
Basket Case
89.8%
Cranberries
Zombie
85.7%
Counting Crows
Mr. Jones
85.3%
Beastie Boys
Sabotage
85.3%
Salt-
N-
Pepa f/
En Vogue
Whatta Man
85.3%
Ace of Base
The Sign
83.4%
Warren G. f/
Nate Dogg
Regulate
83%
Boyz II Men
I'll Make Love to You
83%
Snoop Doggy Dogg
Gin & Juice
82.3%
Lisa Loeb and Nine Stories
Stay (I Missed You)
81.9%
Weezer
Buddy Holly
81.5%
Beck
Loser
79.6%
Sheryl Crow
All I Wanna Do
79.2%
Aerosmith
Crazy
78.9%
Green Day
Longview
78.9%
Coolio
Fantastic Voyage
78.5%
TLC
Creep
77.7%
Stone Temple Pilots
Creep
77.7%
Crash Test Dummies
Mmm Mmm Mmm Mmm
76.6%
Stone Temple Pilots
Interstate Love Song
75.8%
Live
I Alone
75.1%
Green Day
When I Come Around
74%
All-
4-
One
I Swear
74%
Ini Kamoze
Here Comes the Hotstepper
72.5%
Tom Petty and the Heartbreakers
Mary Jane's Last Dance
72.5%
Smashing Pumpkins
Disarm
71.7%
Nirvana
All Apologies (Unplugged)
71.3%
Collective Soul
Shine
70.9%
Aerosmith
Amazing
70.6%
Offspring
Self-Esteem
70.6%
R.E.M.
What's the Frequency, Kenneth?
70.2%
Offspring
Come Out and Play (Keep 'Em Seperated)
68.3%
Bon Jovi
Always
67.2%
Artist
Video
% Correct
The Breeders
Cannonball
66%
Big Mountain
Baby I Love Your Way
66%
John Mellencamp & Me'Shell NdegeOcello
Wild Night
65.7%
Boyz II Men
On Bended Knee
64.5%
Us3
Cantaloop (Flip Fantasia)
64.2%
Candlebox
Far Behind
64.2%
Mariah Carey
Hero
62.3%
Madonna
Take a Bow
60.4%
Cranberries
Dreams
60%
Bruce Springsteen
Streets of Philadelphia
58.9%
Ace of Base
Don't Turn Around
58.9%
Toni Braxton
Breathe Again
58.5%
Gin Blossoms
Found Out About You
58.1%
Queen Latifah
U.N.I.T.Y.
57.7%
Stone Temple Pilots
Vasoline
56.6%
Weezer
Undone (The Sweater Song)
56.2%
Madonna
Secret
56.2%
Soundgarden
Spoonman
55.5%
Stone Temple Pilots
Big Empty
55.5%
Crystal Waters
100% Pure Love
54.7%
Lucas
Lucas With the Lid Off
52.5%
Counting Crows
Round Here
51.7%
Mariah Carey
Without You
50.9%
Aaliyah
Back & Forth
50.6%
R. Kelly
Bump N' Grind
50.6%
Mazzy Star
Fade Into You
49.1%
Cracker
Low
48.7%
Warren G.
This DJ
48.7%
Danzig
Mother '93
48.3%
Alice in Chains
No Excuses
47.9%
Sheryl Crow
Leaving Las Vegas
47.5%
Tom Petty
You Don't Know How It Feels
47.5%
Rolling Stones
Love is Strong
47.2%
Babyface
When Can I See You
47.2%
Artist
Video
% Correct
Live
Selling the Drama
46.8%
R.E.M.
Bang and Blame
45.3%
Janet Jackson
Any Time, Any Place
44.9%
Nirvana
About a Girl (Unplugged)
44.5%
Snoop Doggy Dogg
Murder Was Tha Case
43.8%
Da Brat
Funkdafied
43%
Mariah Carey
Anytime You Need a Friend
43%
Beastie Boys
Sure Shot
41.5%
Soundgarden
Fell on Black Days
40.8%
MadonnaI
I'll Remember
40.8%
Janet Jackson f/
M.C. Lyte
You Want This
40.8%
Guns N' Roses
Estranged
40%
Toni Braxton
You Mean the World to Me
40%
Meat Puppets
Backwater
39.6%
Snoop Doggy Dogg f/
the Dramatics
Doggy Dogg World
39.2%
Salt-
N-
Pepa
None of Your Business
38.9%
Ice Cube
Bop Gun (One Nation)
37.4%
Alice in Chains
I Stay Away
35.5%
Domino
Ghetto Jam
33.2%
Janet Jackson
Because of Love
33.2%
Smashing Pumpkins
Rocket
31.7%
All-
4-
One
So Much in Love
30.6%
Aaron Hall
I Miss You
29.8%
Immature
Never Lie
27.9%
Aerosmith
Blind Man
26%
Gin Blossoms
Until I Fall Away
26%
Coolio
I Remember
25.7%
Jodeci
Cry for You
24.2%
Salt-
N-
Pepa
Heaven or Hell
23.8%
Warren G
Do You See
18.9%
Heavy D and the Boyz
Nuttin' But Love
17.4%
Ice Cube
You Know How We Do It
15.5%
Quiz Playlist
Details
Report
Send in Message
Add To Playlist
Classic:
Type in answers that appear in a list
Last Updated: Feb 16, 2017
Quiz Scoreboard
CHALLENGE
Sign Up to Join the Scoreboard
Show All
Scores
Hide
Comments
May contain spoilers
Recently Published
Movies - When Are They Set?
by FPL_Elf
Movies
5m
Popular People in 1961
by mucciniale
History
6m
1-10 Letter E Words III
by El_Dandy
Language
2m
More to Explore
Quiz From the Vault
Featured Blog Post
Where Did the Easter Bunny Come From?
hide this ad
You Might Also Like...
Tags
Artist Quiz
100
1994
MTV
Top 100
Video
Today's Top Quizzes in Music
Browse Music
hide this ad
Today's Top Quizzes in Artist
Browse Artist
Top Contributed Quizzes in Music
1
Taylor Swift All Songs (2024)
2
2010s Album by Cover III
3
One Thing in Common: Music
4
Taylor Swift Logic Puzzle
5
Guess the Artist- 70s Songs
6
2010s Album by Cover IV
7
Guess the Taylor Swift song (Mystery Song)
8
2010s Album by Cover V
9
Lana Del Rey Discography (BTD to DYKTTATUOB)
10
2010s Album by Cover VI
Explore More
Trending Topics
Disney
Crossword
Marvel
Anime
Harry Potter
Kpop
NBA
NFL
Country
WWE
Pokémon
The Office
Song
Puzzle
Soccer
hide this ad
More By:
mvangord
Quiz
Plays
Rating
Category
Featured
Created
Yet Another Disney Lyric Quiz
717
3.50
Music
Aug 23, 2011
40 Most Awesomely Bad Metal Songs
430
3.20
Music
Oct 8, 2009
MTV Top 100 of 1992
292
4.00
Music
May 14, 2011
MTV Top 100 of 1994
265
4.50
Music
May 4, 2011
MTV Top 100 of 1993
252
4.00
Music
May 8, 2011
Go to Creator's Profile
Score Distribution
Quiz Creator Spotlight
mvangord
Follow
Send a Message
Quizzes Created
-
Created Quiz Play Count
-
More By This Creator
Popular Quizzes Today
1
Find the US States - No Outlines Minefield
2
Find the Countries of Europe - No Outlines Minefield
3
The Countries of the World
4
Popular People in 1961
5
1-10 Letter E Words III
6
US States
7
Find the US States
8
One Thing in Common: World Cities II
More Music Quizzes
Figure out the lyrics CCR 3
Curator's Pick
Trending Quizzes
Risky Map Clicking: Least Populous States A-Z
1-10 Letter F Words
1-10 Letter G Words
One Thing in Common: United Kingdom
Risky Map Clicking: Next State Alphabetically
Recently Updated
Leaping Animals
pecheneg
Reality TV Shows (A-Z)
bhenderson79
Rickey Henderson's Hall of Fame Teammates
pecheneg
Champions League XIs: Arsenal
pecheneg
Quick Pick: Celebrities in WWE's Hall of Fame
aduchscher
A-Z Keypad Blitz II
pecheneg
Multiple Oscar Actors
pecheneg
Mystery Phrase Blitz: Oscar 'Best Actors'
pecheneg
F. Scott Fitzgerald Novels
LTH
Pick 3 Villains
ddd62291
Trending Topics
Harry Potter
Disney
Anime
Marvel
NBA
Crossword
Kpop
Soccer
WWE
NFL
The Office
Puzzle
Country
Pokémon
Song
Your Account Isn't Verified!
In order to create a playlist on Sporcle, you need to verify the email address you used during registration. Go to your
Sporcle Settings
to finish the process.
Report this User
Report this user for behavior that violates our
Community Guidelines
.
Details:
Send Report
Go to the Sporcle.com Mobile Site →
Comments